Anastasia Krupnik / (Registro nro. 33237)

Detalles MARC
000 -CABECERA
Longitud fija campo de control 00896nam a2200265 a 4500
003 - • IDENTIFICADOR DELl NÚMERO DE CONTROL
Identificador del número de control CO-ViMGA
008 - • CÓDIGOS DE INFORMACIÓN DE LONGITUD FIJA
Códigos de información de longitud fija 141112s2004 ck r 000 u spa d
020 ## - • NÚMERO INTERNACIONAL NORMALIZADO PARA LIBROS
Número Internacional Normalizado para Libros (ISBN) 9789584231369
040 ## - FUENTE DE LA CATALOGACIÓN
Centro catalogador de origen CO-ViMGA
Lengua de catalogación spa
Centro transcriptor CO-ViMGA
082 04 - • NÚMERO DE LA CLASIFICACIÓN DECIMAL DEWEY
Número de clasificación (R) 813.6 K78a
100 1# - • PUNTO DE ACCESO PRINCIPAL-NOMBRE DE PERSONA
Nombre de persona Lowry, Lois
245 10 - • TITULO PROPIAMENTE DICHO
Título Anastasia Krupnik /
Mención de responsabilidad, etc. Lois Lowry ; traducción de Flora Casas ; ilustraciones de Gerardo R. Amechazurra
300 ## - • DESCRIPCIÓN FÍSICA
Extensión 182 p. : il. ; 19 cm
490 ## - • MENCIÓN DE SERIE
Mención de serie Planeta lector : rojo
490 ## - • MENCIÓN DE SERIE
Mención de serie Planeta rojo
500 ## - • NOTA GENERAL
Nota general Incluye datos biográficos del autor
521 ## - • NOTA DE PÚBLICO DESTINATARIO
Nota público destinatario (R ) Desde 10 años
650 14 - • PUNTO DE ACCESO ADICIONAL DE MATERIA - TÉRMINO DE MATERIA
Término de materia o nombre geográfico como elemento inicial Novela infantil estadounidense - Siglo XXI
700 1# - • PUNTO DE ACCESO ADICIONAL - NOMBRE DE PERSONA
Nombre de persona Casas, Flora, traductora tr.
942 ## - ENTRADA DE ELEMENTOS AGREGADOS (KOHA)
Fuente de clasificaión o esquema Dewey Decimal Classification
Koha [por defecto] tipo de item LIbro
990 ## - EQUIVALENCIA O SECCIÓN-REFERENCIA [LOCAL, CANADA]
Enlace de información para campos 9XX Grupo Planeta 2 ejemplares 21 31/03/2014 n a918868 19/03/2014 17/03/2014
Existencias
Perdido Fuente de clasificación o esquema Estado Físico No para préstamo Forma de adquisición Localización permanente Localización actual Fecha adquisición Serie de enumeración / cronolog&íacute;a Préstamos totales Renovaciones totales Signatura completa Código de barras Fecha última consulta Fecha último préstamo Número de copia Fecha del precio de reemplazo Tipo de item de Koha Localización en estanterías
  Dewey Decimal Classification     Sala General Segundo Piso Biblioteca Pública Germán Arciniegas - Villavicencio Biblioteca Pública Germán Arciniegas - Villavicencio 12/04/2015 24/oct/2014 3 3 813.6 K78a 27282 08/10/2021 07/27/2021 Ej. 1 12/04/2015 LIbro  
  Clasificación Local Facetada     Literatura General Biblioteca Pública San Juanito - Ernesto Maria Peña Romero Biblioteca Pública San Juanito - Ernesto Maria Peña Romero 12/16/2025       N LOW SJU02459 12/16/2025   Ej.1 12/16/2025 Libro Literatura Literatura









Instituto Departamental de Cultura del Meta - Red Departamental de Bibliotecas Públicas del Meta.